书目信息 |
| 题名: |
文书与档案管理基础
|
|
| 作者: | 张弘 , 林吕 主编 | |
| 分册: | ||
| 出版信息: | 成都 电子科技大学出版社 2006 |
|
| 页数: | 310页 | |
| 开本: | 21cm | |
| 丛书名: | ||
| 单 册: | ||
| 中图分类: | C931.46 , G271 | |
| 科图分类: | ||
| 主题词: | 文书工作--中等专业教育--教材 , 档案管理--中等专业教育--教材 , 文书工作 , 档案管理 | |
| 电子资源: | ||
| ISBN: | 7-81114-136-1 | |
| 000 | 01031nam0 2200289 450 | |
| 001 | 1260042110 | |
| 005 | 20121003164135.29 | |
| 010 | @a7-81114-136-1@dCNY16.00 | |
| 100 | @a20060104d2006 em y0chiy50 ea | |
| 101 | 0 | @achi |
| 102 | @aCN@b510000 | |
| 105 | @ay z 000yy | |
| 200 | 1 | @a文书与档案管理基础@Awen shu yu dang an guan li ji chu@f张弘,林吕主编 |
| 210 | @a成都@c电子科技大学出版社@d2006 | |
| 215 | @a310页@d21cm | |
| 300 | @a全国中等职业教育通用教材 新版本 文秘专业 根据国家教育部中等职业教育教学大纲编写 | |
| 330 | @a本书分十一章,主要阐述文书挡案工作的基本知识,详细介绍了文书处理、文件的整理与归档、档案收集与管理工作,其中着重说明了机关文书工作和档案工作中的实际操作问题。 | |
| 606 | 0 | @a文书工作@x中等专业教育@j教材 |
| 606 | 0 | @a档案管理@x中等专业教育@j教材 |
| 606 | 0 | @a文书工作 |
| 606 | 0 | @a档案管理 |
| 690 | @aC931.46@v4 | |
| 690 | @aG271@v4 | |
| 701 | 0 | @a张弘@Azhang hong@c(职业教育)@4主编 |
| 701 | 0 | @a林吕@Alin lü@4主编 |
| 801 | 0 | @aCN@bNLC@c20101222 |
| 905 | @a10447@dC931.46@eJY256 | |
| 文书与档案管理基础/张弘,林吕主编.-成都:电子科技大学出版社,2006 |
| 310页;21cm |
| 全国中等职业教育通用教材 新版本 文秘专业 根据国家教育部中等职业教育教学大纲编写 |
| ISBN 7-81114-136-1:CNY16.00 |
| 本书分十一章,主要阐述文书挡案工作的基本知识,详细介绍了文书处理、文件的整理与归档、档案收集与管理工作,其中着重说明了机关文书工作和档案工作中的实际操作问题。 |
| ● |
| 相关链接 |
|
|
|
|
正题名:文书与档案管理基础
索取号:C931.46/JY256
 
预约/预借
| 序号 | 登录号 | 条形码 | 馆藏地/架位号 | 状态 | 备注 |
| 1 | 7810810 | 278108101 | 学院路分馆/ [索取号:C931.46/JY256] | 在馆 | |
| 2 | 7810811 | 278108110 | 学院路分馆/ [索取号:C931.46/JY256] | 在馆 |